| 000 | 00972cam a2200217 4500 | ||
|---|---|---|---|
| 001 | WB3615-22 | ||
| 008 | 000000n2000 000 0 eng u | ||
| 035 | _a(Sirsi) u105346 | ||
| 245 | _aBusiness tenancy | ||
| 260 | _c2000 | ||
| 490 |
_aEstates Gazette Case Summaries _v[2000] EGCS 45 (08/04/2000) |
||
| 520 | _aBristol County Court 27 March 2000. "Wallis Fashion Group Ltd v General Accident Life Assurance Ltd". Concerned with statutory renewal of business lease, and the tenant' s application to settle terms in accordance with the Landlord and Tenant Act 1954 S35. Tenant urging reasonableness qualification. Held, application was allowed. | ||
| 590 | _aWB | ||
| 650 | _aLANDLORD AND TENANT (COVENANTS) ACT 1995 | ||
| 650 | _aLANDLORD AND TENANT ACT 1954 S35 | ||
| 650 | _aWALLIS FASION GROUP LTD V GENERAL ACCIDENT LIFE ASSURANCE LTD | ||
| 650 | _aREASONABLENESS | ||
| 650 | _aWORDING | ||
| 690 | _aLANDLORD AND TENANT-BUSINESS TENANCIES | ||
| 942 | _n0 | ||
| 999 |
_c63152 _d63152 |
||